000 00229nam a2200085Ia 4500
008 170620s9999 xx 000 0 und d
100 _aDr MISHRA- J P
245 3 _aAN INTRODUCTION TO INTELLECTUAL PROPERTY RIGHTS
260 _bALLAHABAD; C L P
260 _c2005
999 _c29257
_d29257